00000000nam 2200000zi 4500
0019.945471
003CaOODSP
00520250324131000
006m     o  d f      
007cr mn|||||||||
008241122e19900330onc     ob   f000 0 fre d
040 |aCaOODSP|bfre|erda|cCaOODSP
043 |an-cn---
0861 |aCo22-700/1-1990F-PDF
1001 |aTownsend, David, |eauteur.
24510|aNormes radioelectriques obligatoires au Canada / |cprincipaux enqueteurs : David Townsend, J.J. O'Shaughnessy.
264 1|a[Ottawa] : |b[Ministère des Communications], |cle 30 mars, 1990.
300 |a1 ressource en ligne (134 pages)
336 |atexte|btxt|2rdacontent/fre
337 |ainformatique|bc|2rdamedia/fre
338 |aressource en ligne|bcr|2rdacarrier/fre
500 |aÉdition numérisée de l'imprimé [par Innovation, sciences et développement économique Canada].
500 |aPublié aussi en anglais sous le titre : Mandatory radio standards in Canada.
500 |a« La présente étude a été effectuée conformément au contrat de recherche 36100-9-0276 entre le ministère des Communications pour le Canada et l'Université du Nouveau-Brunswick (UNS). »
504 |aComprend des références bibliographiques.
650 6|aRadio|xNormes|zCanada.
650 6|aRadio|xPolitique gouvernementale|zCanada.
7101 |aCanada. |bMinistère des communications, |eorganisme de publication.
77508|tMandatory radio standards in Canada / |w(CaOODSP)9.938871
85640|qPDF|s1.87 Mo|uhttps://publications.gc.ca/collections/collection_2024/isde-ised/co22/Co22-700-1-1990-fra.pdf